Statistics for German verbs

Click here to take the quiz!

General Stats

  • This quiz has been taken 118 times
  • The average score is 11 of 17

Answer Stats

VerbIn German% Correct
to eatessen
94%
to drinktrinken
90%
to playspielen
84%
to readlesen
82%
to swimschwimmen
81%
to findfinden
79%
to buykaufen
79%
to gogehen
77%
to flyfliegen
73%
to drive/go (by vehicle)fahren
64%
to watch tvfernsehen
62%
to visitbesuchen
60%
to rainregnen
57%
to staybleiben
51%
to livewohnen
48%
to loseverlieren
39%
to relaxchillen
8%

Score Distribution

Percentile by Number Answered

Percent of People with Each Score

Your Score History

You have not taken this quiz